[Event "Loire Cup 2000 Phase Ligue"]
[Site "Loire"]
[Date "2003.02.23"]
[Round "3"]
[White "Pardon, Francois"]
[Black "Vincent, Jean Christophe"]
[Result "0-1"]
[WhiteElo "1700"]
[BlackElo "1860"]
[PlyCount "58"]
[EventDate "2003.02.23"]
[EventType "team"]
[EventRounds "3"]
[EventCountry "FRA"]
[SourceTitle "EXT 2008"]
[Source "ChessBase"]
[SourceDate "2007.11.25"]
[SourceVersion "1"]
[SourceVersionDate "2007.11.25"]
[SourceQuality "1"]

1. e4 a6 2. d4 e6 3. Be3 b5 4. a4 b4 5. Nf3 Bb7 6. Nbd2 Nf6 7. Bd3 Be7 8. 0-0 d6 9. c4 bxc3 10. bxc3 Nbd7 11. Qe2 Qc8 12. c4 c5 13. d5 exd5 14. exd5 0-0 15. Bf5 Re8 16. Qd3 Qc7 17. Ng5 g6 18. Bh3 Ne5 19. Qe2 Bf8 20. Rae1 a5 21. f4 Nxc4 22. Qxc4 Ba6 23. Qc3 Nxd5 24. Qb3 c4 25. Qa3 Nxe3 26. Rxe3 d5 27. Rxe8 Rxe8 28. Qf3 c3 29. Rc1 Qa7+ 0-1